[Event "Fast Game"]
[Site "www.echecsemail.com"]
[Date "2018.08.05"]
[Round "1"]
[White "Deneb"]
[Black "Apdash"]
[WhiteElo "1599"]
[BlackElo "1950"]
[Result "1-0"]
[Round "1"]
1.e4 c5
2.Ng1f3 d6
3.d4 cxd4
4.Nf3xd4 Nb8c6
5.Nb1c3 e5
6.Nd4b5 a6
7.Nb5a3 b5
8.Nc3d5 Ng8e7
9.c4 bxc4
10.Bf1xc4 Nc6a5
11.Bc1g5 f6
12.Nd5xf6 gxf6
13.Bg5xf6 Na5xc4
14.Qd1h5 Kd7
15.Na3xc4 Rh8g8
16.O-O-O Kc7
17.Rd1xd6 Qd8xd6
18.Nc4xd6 Kxd6
19.Qh5xe5 Kd7
20.Bf6xe7 Bf8h6
21.Kb1 Rg8g6
22.Rh1d1 Ke8
23.Be7f6 Kf7
24.Qe5e7 { resign }
1-0

[Event "Tourn. n9791"]
[Site "www.chess-mail.com"]
[Date "2018.08.06"]
[Round "1"]
[White "Abuelo"]
[Black "Osopanda"]
[WhiteElo "2050"]
[BlackElo "1860"]
[Result "0-1"]
[Round "1"]
1.d4 d5
2.Bc1f4 c6
3.e3 Ng8f6
4.Nb1c3 e6
5.a3 Bf8d6
6.Bf4g5 O-O
7.Qd1f3 Nb8d7
8.Bf1d3 e5
9.dxe5 Nd7xe5
10.Qf3e2 Ne5xd3
11.Qe2xd3 Bc8g4
12.h3 Bg4h5
13.Ng1e2 Qd8b6
14.b3 Bh5g6
15.Qd3d2 Bd6e5
16.Ra1a2 Ra8d8
17.O-O d4
18.exd4 Be5xd4
19.Ne2xd4 Qb6xd4
20.Qd2xd4 Rd8xd4
21.Bg5xf6 gxf6
22.Nc3d1 Rd4d2
23.Nd1e3 f5
24.f4 Rf8e8
25.Ne3c4 Rd2e2
26.Nc4d6 Re8d8
27.Rf1d1 Rd8b8
28.Kf1 Re2e6
29.c4 b5
30.c5 a5
31.b4 axb4
32.axb4 h5
33.h4 Kg7
34.Kf2 Re6e7
35.Ra2a6 Re7c7
36.Rd1e1 Kf8
37.g3 f6
38.Re1e6 Kg7
39.Kf3 Rb8d8
 { time }
0-1

[Event "Tourn. n9795"]
[Site "www.chess-mail.com"]
[Date "2018.08.06"]
[Round "1"]
[White "Seger"]
[Black "Rons"]
[WhiteElo "2800"]
[BlackElo "2660"]
[Result "1/2-1/2"]
[Round "1"]
1.d4 Ng8f6
2.c4 e6
3.g3 d5
4.Bf1g2 dxc4
5.Ng1f3 a6
6.Nf3e5 c5
7.Bc1e3 Nf6d5
8.O-O Nb8d7
9.Ne5xc4 b5
10.dxc5 Nd7xc5
11.b4 Nc5a4
12.Be3d4 Bf8xb4
13.Bd4xg7 Rh8g8
14.a3 Bb4e7
15.Bg7d4 Bc8b7
16.e3 Ra8c8
17.Nc4e5 Kf8
18.Qd1f3 Rg8g7
19.Ra1a2 f5
20.Ra2d2 Qd8c7
21.Ne5d3 Be7f6
22.Rf1e1 Kg8
23.Qf3d1 Bf6xd4
24.exd4 Rg7g6
25.Re1e5 Rg6f6
26.Qd1e1 Qc7d6
27.Rd2d1 Qd6b6
28.Bg2f3 h6
29.Bf3g2 Bb7a8
30.Rd1c1 Rc8xc1
31.Nd3xc1 Kf7
32.Nc1b3 Qb6c7
33.Qe1d1 Rf6g6
34.Re5e1 Qc7c8
35.Re1e2 Na4b6
36.Re2c2 Nb6c4
37.Nb3a5 Nd5f4
38.Bg2f1 Qc8c7
39.Na5xc4 bxc4
40.Nb1d2 c3
41.Nd2f3 Ba8xf3
42.Qd1xf3 Nf4d5
43.Bf1g2 Qc7c4
44.Qf3d1 Rg6f6
45.Qd1c1 Qc4xd4
46.Bg2xd5 Qd4xd5
47.Rc2xc3 e5
48.Rc3c5 Qd5d4
49.Qc1c2 Kg6
50.Rc5a5 e4
51.Kg2 f4
52.Qc2a2 f3
53.Kh3 Qd4d7
54.g4 Kh7
55.Qa2c2 Rf6e6
56.Ra5f5 Re6e7
57.Rf5xf3 h5
58.Rf3f4 hxg4
59.Rf4xg4 Qd7f5
60.a4 Kh6
61.Qc2e2 e3
62.f3 Re7e6
63.Kg3 Kh7
64.Qe2c4 Re6g6
65.h3 Qf5e5
66.f4 Qe5e6
67.Qc4c7 Kg8
68.Qc7e5 Kf7
69.Qe5c7 Kg8
70.Qc7b8 Kf7
71.Qb8b7 Kg8
72.Qb7b1 Rg6xg4
73.hxg4 e2
74.Kf2 Qe6xg4
75.Qb1b3 Kf8
76.Qb3b4 { draw }
1/2-1/2

[Event "Match"]
[Site "www.echecsemail.com"]
[Date "2018.08.06"]
[Round "1"]
[White "Lug47"]
[Black "Deneb"]
[WhiteElo "1560"]
[BlackElo "1600"]
[Result "0-1"]
[Round "1"]
1.d4 Ng8f6
2.Nb1c3 d5
3.Ng1f3 e6
4.e4 dxe4
5.Nf3d2 Qd8xd4
6.Nc3e2 Qd4c5
7.Nd2xe4 Nf6xe4
8.Ne2c3 Qc5xf2

0-1

[Event "Match"]
[Site "www.echecsemail.com"]
[Date "2018.08.06"]
[Round "1"]
[White "J1j6"]
[Black "Cal"]
[WhiteElo "1940"]
[BlackElo "1670"]
[Result "1-0"]
[Round "1"]
1.e4 e5
2.Ng1f3 d6
3.Bf1c4 h6
4.d4 Bc8g4
5.dxe5 Nb8c6
6.exd6 cxd6
7.O-O Bf8e7
8.Bc1e3 a6
9.h3 Nc6e5
10.Bc4e2 Bg4h5
11.Nb1d2 Bh5xf3
12.Be2xf3 Ng8f6
13.Qd1e2 O-O
14.b3 b5
15.c4 b4
16.Be3d4 Ne5g6
17.Bd4e3 a5
18.e5 dxe5
19.Bf3xa8 Qd8xa8
20.Nd2f3 e4
21.Nf3d2 Ng6e5
22.f4 Ne5d3
23.Be3d4 Nf6h5
24.Qe2xh5 Qa8b8
25.Qh5g4 f6
26.Nd2xe4 f5
27.Qg4xg7 
1-0

[Event "Tourn. n9908"]
[Site "www.echecsemail.com"]
[Date "2018.08.06"]
[Round "1"]
[White "Fantomas"]
[Black "Bojan"]
[WhiteElo "2110"]
[BlackElo "2000"]
[Result "1-0"]
[Round "1"]
1.e4 e5
2.Ng1f3 d6
3.Bf1c4 h6
4.h3 Ng8f6
5.d3 Nb8c6
6.c3 Bc8d7
7.Bc4b3 Nc6a5
8.Bb3c2 c6
9.O-O b6
10.d4 exd4
11.cxd4 Nf6h7
12.Qd1d3 Bf8e7
13.Nb1c3 Qd8c7
14.Bc1f4 Qc7d8
15.b3 Nh7g5
16.Nf3d2 a6
17.Rf1e1 Ng5e6
18.Bf4g3 c5
19.Nd2f3 cxd4
20.Nc3d5 Bd7b5
21.Qd3d1 Bb5c6
22.Nd5xe7 Qd8xe7
23.Nf3xd4 Ne6xd4
24.Qd1xd4 f6
25.Qd4xb6 Qe7d8
26.Qb6xd8 Ra8xd8
27.Ra1d1 Na5b7
28.Rd1d4 Ke7
29.Bc2d3 a5
30.Re1d1 Rd8d7
31.Bd3c4 h5
32.f4 g5
33.f5 h4
34.Bg3h2 Rh8a8
35.Kf2 Rd7d8
36.Kf3 Bc6e8
37.Ke3 Be8h5
38.Rd1d2 Ra8a7
39.Bc4d5 Nb7c5
40.Bd5c4 Nc5b7
41.g3 hxg3
42.Bh2xg3 Bh5e8
43.h4 g4
44.Kf4 Be8h5
45.Bc4e2 Rd8g8
46.Be2c4 Rg8d8
47.Rd2g2 a4
48.b4 a3
49.Bc4e2 d5
50.exd5 Nb7d6
51.Be2xg4 Nd6b5
52.Rg2e2 Kd7
53.Rd4d3 Bh5f7
54.Bg3f2 Kc8
55.Bf2xa7 Nb5xa7
56.Re2e7 Rd8d7
57.Re7xd7 Kxd7
58.Rd3xa3 Na7b5
59.Ra3a5 Nb5c3
60.Bg4f3 Kd6
61.Ra5a6 Kd7
62.Ra6a7 Ke8
63.Ra7xf7 Kxf7
64.a3 { resign }
1-0

[Event "Match"]
[Site "www.echecsemail.com"]
[Date "2018.08.06"]
[Round "1"]
[White "Iko"]
[Black "Storzman"]
[WhiteElo "1750"]
[BlackElo "1579"]
[Result "0-1"]
[Round "1"]
1.e4 e6
2.e5 d5
3.d4 c5
4.Ng1h3 Nb8c6
5.Bc1e3 cxd4
6.Be3xd4 Nc6xd4
7.Qd1xd4 Qd8a5
8.Nb1c3 a6
9.b4 Bf8xb4
10.Kd2 Bb4xc3
11.Qd4xc3 Qa5xc3
12.Kxc3 Bc8d7
13.Bf1d3 Ng8e7
14.Ra1b1 Bd7c6
15.Rh1e1 O-O
16.Rb1b4 Rf8d8
17.Re1e3 Rd8d7
18.Nh3g5 d4
19.Rb4xd4 Ne7d5
20.Rd4xd5 Bc6xd5
21.Bd3xh7 Kf8
22.g4 Bd5xa2
23.Re3f3 Ra8c8
24.Kb2 Ba2d5
25.Rf3f4 Rc8c4
26.Ng5h3 Rc4xf4
27.Nh3xf4 Bd5f3
28.h3 g6
29.Nf4xg6 fxg6
30.Bh7xg6 Rd7d5
31.g5 Rd5xe5
32.Kc3 Re5xg5
33.Bg6h7 Rg5h5
34.Bh7g6 Rh5h4
35.Kd3 b5
36.Ke3 Bf3g2
37.Ke2 Bg2xh3
38.Bg6d3 Ke7
39.Kf3 Bh3f5
40.Kg3 Bf5xd3
41.Kxh4 Bd3xc2
42.f4 b4
43.Kg5 Bc2f5
44.Kh5 b3
45.Kg5 b2
46.Kh5 b1Q
47.Kg5 Qb1g1
48.Kh4 Qg1g4

0-1

[Event "Tourn. n9897"]
[Site "www.echecsemail.com"]
[Date "2018.08.06"]
[Round "1"]
[White "Bojan"]
[Black "Bigrezi"]
[WhiteElo "2010"]
[BlackElo "2300"]
[Result "0-1"]
[Round "1"]
1.e4 e6
2.d4 d5
3.exd5 exd5
4.Qd1f3 Ng8f6
5.a3 Bf8e7
6.h3 c5
7.Bc1e3 Qd8b6
8.b3 cxd4
9.Be3f4 Bc8f5
10.Bf1d3 Bf5e4
11.Qf3g3 Nf6h5
12.Qg3g4 Nh5xf4
13.Bd3xe4 Nf4e6
14.Be4d3 Nb8c6
15.Ng1e2 Qb6a5
16.Kf1 Nc6e5
17.Qg4g3 Ne5xd3
18.Qg3xd3 O-O
19.Ne2xd4 Ne6xd4
20.Qd3xd4 Be7f6
21.b4 Bf6xd4
22.bxa5 Bd4xa1
23.c3 Ra8c8
24.g4 Ba1xc3
25.Kg2 Bc3xa5
{ resign }
0-1

[Event "Match"]
[Site "www.echecsemail.com"]
[Date "2018.08.06"]
[Round "1"]
[White "Dougbeer"]
[Black "Alekpax"]
[WhiteElo "2220"]
[BlackElo "2410"]
[Result "0-1"]
[Round "1"]
1.e4 e5
2.Ng1f3 Nb8c6
3.Bf1c4 Bf8e7
4.d4 exd4
5.Nf3xd4 Ng8f6
6.Nb1c3 O-O
7.O-O Nc6e5
8.Bc4b3 Be7c5
9.Bc1e3 d6
10.f3 Bc5b6
11.Be3f2 c5
12.Nd4b5 c4
13.Bb3a4 a6
14.Nb5xd6 Qd8c7
15.f4 Bb6xf2
16.Rf1xf2 Ne5g4
17.Rf2d2 Qc7b6
18.Rd2d4 Rf8d8
19.e5 Ng4e3
20.Qd1d2 Ne3f5
21.Ra1d1 Nf5xd6
22.Kh1 Bc8g4
23.exd6 Bg4xd1
24.Nc3xd1 Qb6c5
25.c3 b5
26.Ba4c2 Ra8a7
{ resign }
0-1

[Event "Tourn. n9891"]
[Site "www.echecsemail.com"]
[Date "2018.08.06"]
[Round "1"]
[White "Cvilhena1976"]
[Black "Fantomas"]
[WhiteElo "2170"]
[BlackElo "2110"]
[Result "1-0"]
[Round "1"]
1.e4 e6
2.Ng1f3 d5
3.exd5 exd5
4.d4 Bc8g4
5.Nb1c3 Ng8f6
6.Bf1b5 c6
7.Bb5d3 h6
8.O-O Bf8e7
9.h3 Bg4e6
10.Bc1f4 Be7d6
11.Qd1d2 Bd6xf4
12.Qd2xf4 O-O
13.Rf1e1 Nb8d7
14.a4 Nf6h7
15.Bd3xh7 Kxh7
16.a5 a6
17.Ra1a3 Ra8c8
18.Nc3e2 Nd7f6
19.Ne2g3 Nf6g8
20.Ra3b3 Rc8c7
21.Ng3h5 g5
22.Qf4e5 Kg6
23.Qe5g7 { resign }
1-0

[Event "Tourn. n9914"]
[Site "www.echecsemail.com"]
[Date "2018.08.06"]
[Round "1"]
[White "Bojan"]
[Black "Apdash"]
[WhiteElo "2020"]
[BlackElo "2080"]
[Result "0-1"]
[Round "1"]
1.e4 e5
2.Ng1f3 Nb8c6
3.d4 exd4
4.Nf3xd4 Nc6xd4
5.Qd1xd4 Qd8f6
6.Bc1e3 Qf6xd4
7.Be3xd4 c5
8.Bd4e3 b6
9.Nb1c3 Bf8d6
10.f4 Bc8b7
11.Bf1d3 Ng8e7
12.O-O-O Bd6b8
13.Bd3b5 Bb7c6
14.Bb5a6 O-O
15.Rd1d2 Ne7g6
16.g3 f5
17.Rh1e1 fxe4
18.Be3f2 Rf8e8
19.Rd2e2 d5
20.Nc3b5 d4
21.f5 Ng6e5
22.Bf2g1 Ne5f3
23.Re1f1 Bb8e5
24.a3 Re8e7
25.b3 h5
26.a4 Ra8f8
27.Nb5a3 Rf8xf5
28.Na3c4 Be5c7
29.Ba6c8 Rf5f6
30.Bc8h3 g5
31.Bh3g2 g4
32.Nc4d2 e3
33.Nd2c4 a6
34.Nc4b2 b5
35.Kb1 Nf3d2
{ resign }
0-1

[Event "Match"]
[Site "www.echecsemail.com"]
[Date "2018.08.06"]
[Round "1"]
[White "Bojan"]
[Black "Ssharp"]
[WhiteElo "2050"]
[BlackElo "2220"]
[Result "0-1"]
[Round "1"]
1.e4 e5
2.Ng1f3 Ng8f6
3.Nf3xe5 d6
4.Ne5f3 Nf6xe4
5.Qd1e2 Qd8e7
6.d3 Ne4f6
7.Nb1c3 Bc8e6
8.Nf3d4 Nb8d7
9.Nc3e4 h6
10.Bc1d2 Nf6xe4
11.dxe4 g6
12.Bd2c3 Bf8g7
13.Qe2f3 Nd7e5
14.Qf3e2 O-O
15.Nd4xe6 Qe7xe6
16.f4 Ne5c6
17.Bc3xg7 Kxg7
18.Qe2e3 Ra8e8
19.Bf1d3 f5
20.O-O fxe4
21.Bd3b5 d5
22.c3 a6
23.Bb5a4 b5
24.Ba4b3 Nc6a5
25.Qe3d4 Kh7
26.Bb3xd5 Qe6d6
27.g3 Na5c6
28.Bd5xc6 Qd6xc6
29.Ra1e1 Rf8f5
30.Qd4d2 Rf5d5
31.Qd2c2 e3
32.Re1e2 Qc6c5
33.Kg2 Qc5c6
34.Kg1 Qc6d7
35.Rf1e1 Rd5d2
36.Qc2c1 Qd7d3
37.Kf1 Re8d8
38.Qc1b1 Rd2xe2
{ resign }
0-1

[Event "Tourn. n9891"]
[Site "www.echecsemail.com"]
[Date "2018.08.06"]
[Round "1"]
[White "Fantomas"]
[Black "Luban"]
[WhiteElo "2110"]
[BlackElo "2040"]
[Result "1-0"]
[Round "1"]
1.e4 c6
2.Nb1c3 d5
3.exd5 cxd5
4.d4 e6
5.a3 h6
6.Ng1f3 Ng8f6
7.Bf1d3 Bf8e7
8.O-O O-O
9.Nc3e2 a6
10.c3 Nb8c6
11.Bd3c2 b5
12.Qd1d3 Bc8b7
13.Nf3e5 Ra8c8
14.Ne2g3 Nc6a5
15.Ng3h5 Nf6e4
16.f3 f5
17.fxe4 dxe4
18.Qd3g3 Be7f6
19.Bc1xh6 Bf6xe5
20.dxe5 { resign }
1-0

[Event "Match"]
[Site "www.echecsemail.com"]
[Date "2018.08.06"]
[Round "1"]
[White "Mitja"]
[Black "Ssharp"]
[WhiteElo "2040"]
[BlackElo "2230"]
[Result "0-1"]
[Round "1"]
1.d4 d5
2.e3 Ng8f6
3.c3 e6
4.h3 c5
5.dxc5 Bf8xc5
6.Ng1f3 O-O
7.b3 Nb8c6
8.Bc1b2 Qd8e7
9.Qd1c1 Bc5d6
10.Bf1e2 e5
11.O-O e4
12.Nf3h2 Bc8e6
13.Rf1e1 Ra8c8
14.Nh2f1 a6
15.a4 d4
16.exd4 Nc6xd4
17.Qc1d2 Nd4xb3
18.Qd2e3 Nb3xa1
19.Bb2xa1 h6
20.Nb1d2 Be6f5
21.c4 Rf8e8
22.Be2d1 Bd6e5
23.Ba1xe5 Qe7xe5
24.Nf1g3 Bf5g6
25.Bd1c2 Qe5b2
26.Bc2b3 Rc8d8
27.Re1d1 Rd8d3
28.Qe3b6 Rd3xd2
{ resign }
0-1

[Event "1/16 Finale"]
[Site "www.chess-mail.com"]
[Date "2018.08.06"]
[Round "1"]
[White "Jose"]
[Black "Szustan"]
[WhiteElo "2800"]
[BlackElo "2650"]
[Result "1-0"]
[Round "1"]
1.c4 e5
2.Nb1c3 Ng8f6
3.Ng1f3 Nb8c6
4.g3 d5
5.cxd5 Nf6xd5
6.Bf1g2 Nd5b6
7.O-O Bf8e7
8.Ra1b1 O-O
9.b4 a6
10.a3 Bc8e6
11.d3 f5
12.Bc1b2 Be7f6
13.Nf3d2 Qd8d6
14.Nd2b3 Ra8b8
15.Nb3c5 Be6f7
16.e3 Nb6d7
17.Nc3a4 Nd7xc5
18.Na4xc5 a5
19.Rb1c1 Bf7e8
20.b5 Nc6a7
21.Nc5xb7 Qd6b6
22.Nb7c5 Be8xb5
23.a4 Bb5c6
24.Bg2xc6 Qb6xc6
25.d4 Rf8d8
26.Qd1e2 exd4
27.Bb2xd4 Bf6xd4
28.exd4 Qc6f6
29.Nc5a6 Rb8c8
30.Na6xc7 h6
31.Rf1d1 Rd8d7
32.Nc7e6 Rd7d6
33.Rc1xc8 Na7xc8
34.d5 Nc8b6
35.Qe2b5 Kf7
36.Qb5xa5 Nb6xd5
37.Ne6xg7 { resign }
1-0

[Event "Fast Game"]
[Site "www.echecsemail.com"]
[Date "2018.08.06"]
[Round "1"]
[White "Apdash"]
[Black "Krazy4chess"]
[WhiteElo "1940"]
[BlackElo "1880"]
[Result "1-0"]
[Round "1"]
1.d4 Ng8f6
2.c4 e6
3.Nb1c3 Bf8b4
4.a3 Bb4xc3
5.bxc3 c5
6.Ng1f3 Nb8c6
7.d5 exd5
8.cxd5 Nc6e7
9.c4 d6
10.e3 O-O
11.Bf1e2 Rf8e8
12.O-O Bc8f5
13.Bc1b2 Ne7g6
14.Qd1b3 b6
15.a4 Nf6e4
16.Be2d3 Bf5g4
17.Bd3xe4 Re8xe4
18.Qb3c3 f6
19.Nf3d2 Re4e7
20.f3 Bg4c8
21.a5 bxa5
22.Ra1xa5 Re7xe3
23.Qc3xe3 Qd8xa5
24.Qe3e8 Ng6f8
25.Nd2e4 Qa5c7
26.Bb2xf6 gxf6
27.Ne4xf6 Kg7
28.Nf6h5 Kh6
29.Qe8xf8 Kxh5
30.Qf8f6 { resign }
1-0

[Event "Tourn. n9712"]
[Site "www.chess-mail.com"]
[Date "2018.08.07"]
[Round "1"]
[White "Marbachess"]
[Black "Sportuga"]
[WhiteElo "2590"]
[BlackElo "2380"]
[Result "0-1"]
[Round "1"]
1.f4 g6
2.e3 Bf8g7
3.Ng1f3 b6
4.Nb1c3 Bc8b7
5.Bf1e2 Ng8f6
6.d4 d6
7.O-O O-O
8.Qd1d3 c5
9.dxc5 bxc5
10.Ra1b1 Nb8a6
11.a3 Qd8b6
12.b3 Na6c7
13.Bc1b2 Ra8b8
14.Qd3d2 Bb7c6
15.Be2d3 Rf8d8
16.Qd2e2 Nf6d7
17.Qe2f2 Qb6a5
18.Nc3d1 Bg7xb2
19.Nd1xb2 f5
20.Nb2c4 Qa5c3
21.Qf2h4 Qc3g7
22.Nc4d2 Nd7f6
23.b4 Nc7e6
24.b5 Bc6b7
25.c4 Rd8f8
26.Qh4e1 Nf6d7
27.Nd2b3 Ne6d8
28.Qe1d2 Nd7f6
29.Rb1e1 Rb8c8
30.Bd3c2 Nf6e4
31.Qd2c1 Nd8f7
32.Nf3d2 d5
33.Nd2xe4 dxe4
34.Bc2b1 e5
35.Re1d1 Rc8c7
36.g3 g5
37.Qc1c3 gxf4
38.exf4 h5
39.Kf2 h4
40.Ke2 Bb7c8
41.Kd2 Bc8e6
42.Kc2 Kh7
43.Nb3c1 a6
44.Bb1a2 Rc7a7
45.fxe5 axb5
46.cxb5 Be6xa2
47.Nc1xa2 Nf7xe5
48.Rd1d5 Ne5f3
49.Rd5xc5 f4
50.Rf1xf3 exf3
51.Qc3xf3 Qg7g6
52.Kb2 Ra7d7
53.Na2c3 Rd7d2
54.Kb3 Rd2d3
55.Qf3f2 f3
56.g4 Qg6xg4
57.Rc5c4 Rf8f4
58.Rc4c7 Rd3d7
59.b6 Rd7xc7
60.bxc7 Qg4g8
61.Kb2 Qg8g2
62.Qf2xg2 fxg2
63.c8Q Rf4f2
64.Kb3 g1Q
65.Qc8d7 Qg1g7
66.Qd7d3 Kh8
67.Qd3d6 Qg7f6
68.Qd6b8 Kg7
69.h3 Qf6e6
70.Ka4 Qe6c4
71.Qb8b4 Qc4xb4
72.axb4 Rf2f3
{ resign }
0-1

[Event "Tourn. n9787"]
[Site "www.chess-mail.com"]
[Date "2018.08.07"]
[Round "1"]
[White "Libiesse"]
[Black "Osopanda"]
[WhiteElo "1810"]
[BlackElo "1870"]
[Result "1-0"]
[Round "1"]
1.d4 d5
2.c4 c6
3.Ng1f3 Ng8f6
4.cxd5 cxd5
5.Nb1c3 Nb8c6
6.Bc1f4 Bc8g4
7.e3 e6
8.h3 Bg4h5
9.Bf1e2 Bf8d6
10.Bf4xd6 Qd8xd6
11.O-O a6
12.a3 Ra8c8
13.Rf1e1 O-O
14.Ra1c1 e5
15.dxe5 Nc6xe5
16.Nf3d4 Bh5xe2
17.Re1xe2 b5
18.Re2c2 Ne5c4
19.Nd4f5 Qd6e5
20.Nc3xd5 Nf6xd5
21.Qd1xd5 Qe5xd5
22.Nf5e7 Kh8
23.Ne7xd5 Rc8d8
24.e4 Rf8e8
25.f3 f5
26.Nd5c3 Nc4e3
27.Rc2e2 Ne3c4
28.exf5 Re8xe2
29.Nc3xe2 Rd8d2
30.b3 Rd2xe2
31.bxc4 bxc4
32.Rc1xc4 Kg8
33.Rc4c8 Kf7
34.Rc8a8 Re2a2
35.Ra8xa6 h6
36.a4 h5
37.g4 hxg4
38.fxg4 Ra2b2
39.a5 Rb2a2
40.Ra6a7 Kf6
41.a6 g6
42.fxg6 Kxg6
43.Ra7a8 Kg5
44.a7 Kf4
45.Ra8f8 Kg3
46.a8Q { resign }
1-0

[Event "Match"]
[Site "www.echecsemail.com"]
[Date "2018.08.07"]
[Round "1"]
[White "Calponas"]
[Black "Ericleo1980"]
[WhiteElo "2130"]
[BlackElo "2160"]
[Result "1/2-1/2"]
[Round "1"]
1.e4 c5
2.Ng1f3 d6
3.d4 cxd4
4.Nf3xd4 Ng8f6
5.Nb1c3 a6
6.Bc1e3 e6
7.f3 b5
8.Qd1d2 Nb8d7
9.Bf1xb5 axb5
10.Nd4xb5 Ra8a6
11.O-O Bc8b7
12.Rf1d1 Qd8b8
13.a4 Bf8e7
14.Qd2f2 d5
15.exd5 Nf6xd5
16.Nc3xd5 Bb7xd5
{ draw }
1/2-1/2

[Event "Tourn. n9901"]
[Site "www.echecsemail.com"]
[Date "2018.08.07"]
[Round "1"]
[White "Madz123456"]
[Black "Roque1"]
[WhiteElo "1660"]
[BlackElo "1680"]
[Result "1-0"]
[Round "1"]
1.Ng1f3 e6
2.c4 Nb8c6
3.a3 Ng8f6
4.d4 d5
5.Nb1c3 Bf8e7
6.e3 O-O
7.b4 a6
8.Qd1c2 Nc6a7
9.c5 b6
10.Bc1b2 Bc8d7
11.Bf1xa6 b5
12.O-O c6
13.a4 Qd8c7
14.axb5 cxb5
15.Nf3e5 Na7c6
16.Nc3xb5 Qc7b8
17.Ne5xd7 Nf6xd7
18.Qc2a4 Rf8c8
19.Ra1a3 Nd7f6
20.f3 Nc6a7
21.Ba6xc8 Na7xb5
22.Qa4xa8 { resign }
1-0

[Event "Match"]
[Site "www.echecsemail.com"]
[Date "2018.08.07"]
[Round "1"]
[White "Liencam2"]
[Black "Cathar"]
[WhiteElo "2320"]
[BlackElo "2170"]
[Result "1/2-1/2"]
[Round "1"]
1.e4 e6
2.d4 d5
3.Nb1d2 Ng8f6
4.Bf1d3 c5
5.e5 Nf6d7
6.c3 Nb8c6
7.Ng1e2 cxd4
8.cxd4 f6
9.exf6 Nd7xf6
10.Nd2f3 Bf8d6
11.O-O Qd8c7
12.g3 O-O
13.Ne2f4 Bc8d7
14.Rf1e1 Ra8e8
15.a3 e5
16.dxe5 Nc6xe5
17.Nf3xe5 Bd6xe5
18.Bd3f1 Bd7c6
19.Bf1g2 d4
20.Qd1b3 Qc7f7
21.Qb3xf7 Kxf7
22.Bc1d2 Bc6xg2
23.Kxg2 Be5xf4
24.Bd2xf4 Nf6d5
25.Bf4d6 Re8xe1
26.Ra1xe1 Rf8d8
27.Bd6c5 d3
28.Re1d1 b6
29.Bc5e3 Nd5xe3
30.fxe3 Ke6
31.Kf1 Ke5
32.Ke1 Ke4
33.Kd2 Rd8c8
34.Rd1f1 Rc8c2
35.Kd1 Rc2xb2
36.Rf1f7 Kxe3
37.Rf7e7 Kf2
38.Re7xg7 h5
39.Rg7h7 Ke3
40.Rh7e7 Kd4
41.Re7xa7 Rb2b1
42.Kd2 Rb1b2
{ draw }
1/2-1/2

[Event "Match"]
[Site "www.echecsemail.com"]
[Date "2018.08.07"]
[Round "1"]
[White "Paco"]
[Black "Darknight"]
[WhiteElo "1950"]
[BlackElo "1900"]
[Result "1-0"]
[Round "1"]
1.e4 e5
2.Ng1f3 d6
3.Bf1c4 h6
4.d3 Qd8e7
5.Bc1e3 Ng8f6
6.Nb1c3 c6
7.d4 Nb8d7
8.dxe5 Nd7xe5
9.Bc4b3 Bc8g4
10.h3 Ne5xf3
11.gxf3 Bg4h5
12.Rh1g1 Qe7e5
13.f4 Qe5a5
14.Qd1d3 Bf8e7
15.Rg1xg7 Bh5g6
16.f5 Be7f8
17.fxg6 Bf8xg7
18.Bb3xf7 Ke7
19.O-O-O Rh8d8
20.Qd3c4 Kf8
21.Bf7g8 Rd8d7
22.Rd1xd6 Qa5c7
23.Rd6e6 Nf6xg8
24.Be3c5 Ng8e7
25.Re6f6 Ke8
26.Qc4f7 Kd8
27.Qf7f8 { resign }
1-0

[Event "Match"]
[Site "www.echecsemail.com"]
[Date "2018.08.07"]
[Round "1"]
[White "Dussek"]
[Black "Apdash"]
[WhiteElo "1760"]
[BlackElo "1840"]
[Result "0-1"]
[Round "1"]
1.e4 c5
2.Ng1f3 d6
3.Bf1b5 Nb8c6
4.d4 cxd4
5.Nf3xd4 Bc8d7
6.Nb1c3 a6
7.Nd4xc6 bxc6
8.Bb5a4 Ng8f6
9.O-O g6
10.Bc1f4 Bf8g7
11.Ba4b3 O-O
12.Qd1e2 Nf6h5
13.Bf4e3 a5
14.Ra1d1 Qd8c7
15.a3 e6
16.Nc3a4 c5
17.Na4c3 a4
18.Bb3a2 Ra8b8
19.Rd1b1 Qc7a5
20.Be3d2 Qa5c7
21.Rf1d1 Bd7c6
22.f3 Bg7d4
23.Kh1 Qc7e7
24.Bd2e1 Qe7g5
25.Be1d2 Qg5h4
26.Bd2e1 Qh4f4
27.Be1f2 Bd4xf2
28.Qe2xf2 Rf8d8
29.Nc3e2 Qf4f6
30.c3 Nh5f4
31.Ne2xf4 Qf6xf4
32.Ba2c4 d5
33.exd5 Bc6xd5
34.Bc4xd5 exd5
35.Qf2xc5 Rb8b3
36.Rd1xd5 Rd8e8
37.Rd5d4 Qf4e3
38.Qc5d5 Qe3e1
{ resign }
0-1

[Event "Tourn. n9816"]
[Site "www.echecsemail.com"]
[Date "2018.08.07"]
[Round "1"]
[White "Kevinking"]
[Black "Libiesse"]
[WhiteElo "1870"]
[BlackElo "1900"]
[Result "1-0"]
[Round "1"]
1.d4 d5
2.c4 e6
3.Nb1c3 Ng8f6
4.Ng1f3 Nb8d7
5.Bc1f4 a6
6.e3 c5
7.a3 cxd4
8.exd4 Bf8e7
9.Bf1d3 dxc4
10.Bd3xc4 Nd7b6
11.Bc4d3 Nb6d5
12.Bf4d2 b5
13.b4 Bc8b7
14.O-O Ra8c8
15.Ra1c1 O-O
16.Rf1e1 Qd8b6
17.Qd1e2 Rc8c7
18.Nc3e4 Nf6xe4
19.Bd3xe4 Rf8c8
20.Rc1xc7 Rc8xc7
21.Qe2d3 h6
22.h3 Be7f6
23.Re1c1 Kf8
24.Nf3e5 Bf6xe5
25.dxe5 Rc7xc1
26.Bd2xc1 Ke7
27.g3 Bb7c6
28.Bc1b2 Qb6b7
29.Be4xd5 Bc6xd5
30.Bb2d4 Bd5h1
31.Bd4c5 Ke8
32.Qd3f1 Bh1f3
33.Qf1d3 Bf3e4
34.Qd3d6 Qb7d7
35.Qd6f8 
1-0

[Event "Tourn. n9836"]
[Site "www.echecsemail.com"]
[Date "2018.08.07"]
[Round "1"]
[White "Szustan"]
[Black "Tartan"]
[WhiteElo "2620"]
[BlackElo "2500"]
[Result "1/2-1/2"]
[Round "1"]
1.e4 e6
2.d4 d5
3.Nb1c3 Ng8f6
4.Bc1g5 Bf8b4
5.e5 h6
6.Bg5d2 Bb4xc3
7.bxc3 Nf6e4
8.Qd1g4 g6
9.Bf1d3 Ne4xd2
10.Kxd2 c5
11.Qg4f4 Bc8d7
12.Ng1f3 Bd7c6
13.Ra1b1 Nb8d7
14.h4 c4
15.Bd3e2 Qd8e7
16.Qf4e3 Qe7a3
17.h5 g5
18.Nf3h2 O-O-O
19.f4 gxf4
20.Qe3xf4 Rh8h7
21.Nh2g4 Rd8h8
22.Ng4f6 Nd7xf6
23.Qf4xf6 Qa3f8
24.Rh1f1 Qf8g7
25.Qf6xg7 Rh7xg7
26.g4 Rg7h7
27.Rf1f6 Kd7
28.Ke3 Ke7
29.Rb1f1 Bc6d7
30.Rf1b1 { draw }
1/2-1/2

[Event "Match"]
[Site "www.echecsemail.com"]
[Date "2018.08.07"]
[Round "1"]
[White "Mitja"]
[Black "J1j6"]
[WhiteElo "2000"]
[BlackElo "1940"]
[Result "1-0"]
[Round "1"]
1.d4 c6
2.e3 e5
3.dxe5 Qd8a5
4.c3 Qa5xe5
5.Ng1f3 Qe5c7
6.h3 d5
7.Nb1d2 g6
8.Nd2b3 Bc8e6
9.Nb3d4 Be6d7
10.Bf1e2 Bf8d6
11.b3 Ng8e7
12.Bc1b2 Nb8a6
13.c4 Na6c5
14.Nd4xc6 Bd7xc6
15.Bb2xh8 O-O-O
16.Bh8f6 dxc4
17.Bf6xe7 Qc7xe7
18.Qd1c2 Bc6e4
19.Qc2xc4 Kb8
20.O-O Be4d5
21.Qc4c2 Bd5e4
22.Qc2c3 b6
23.Ra1d1 h5
24.Rd1d2 Rd8c8
25.Qc3b2 g5
26.Rf1d1 Bd6c7
27.b4 Nc5a4
28.Qb2b3 Na4c3
29.Rd1c1 Nc3xe2
30.Rd2xe2 Be4xf3
31.gxf3 Bc7h2
32.Kxh2 Rc8xc1
33.Qb3d5 Qe7c7
34.Kg2 f6
35.e4 h4
36.Re2d2 Rc1c6
37.a4 a6
38.b5 axb5
39.Qd5xb5 Rc6c5
40.Qb5e8 Kb7
41.Rd2d7 { resign }
1-0

[Event "Match"]
[Site "www.echecsemail.com"]
[Date "2018.08.07"]
[Round "1"]
[White "Ssharp"]
[Black "Bojan"]
[WhiteElo "2220"]
[BlackElo "2050"]
[Result "1-0"]
[Round "1"]
1.e4 e5
2.d4 exd4
3.c3 dxc3
4.Bf1c4 Qd8f6
5.Nb1xc3 Bf8c5
6.Ng1f3 d6
7.Nc3d5 Qf6d8
8.O-O f6
9.b4 Bc5b6
10.Nd5xb6 axb6
11.Bc4xg8 Rh8xg8
12.Qd1d5 Rg8f8
13.Qd5h5 Ke7
14.Qh5xh7 Rf8f7
15.e5 Bc8e6
16.Qh7h4 Nb8d7
17.exd6 cxd6
18.Bc1b2 Rf7f8
19.a3 Rf8h8
20.Qh4g3 Qd8f8
21.Ra1d1 Nd7e5
22.Nf3h4 Be6f7
23.Nh4f5 Ke6
24.Nf5xg7 Kd7
25.Bb2xe5 fxe5
26.Qg3xe5 Bf7b3
27.Rd1d2 Rh8h6
28.Ng7f5 Rh6f6
29.Qe5b5 Kc7
30.Rf1c1 Kb8
31.Nf5d4 Ra8xa3
32.Nd4xb3 Ra3xb3
33.Rd2c2 Rb3a3
34.Rc2c8 Qf8xc8
35.Rc1xc8 Kxc8
36.Qb5e8 Kc7
37.Qe8e7 Kc6
38.Qe7xf6 Ra3d3
39.h4 Rd3d5
40.g4 Kb5
41.Qf6f3 Kc4
42.Qf3xd5 { resign }
1-0

[Event "Tourn. n9862"]
[Site "www.echecsemail.com"]
[Date "2018.08.07"]
[Round "1"]
[White "Coolant"]
[Black "Cathar"]
[WhiteElo "2390"]
[BlackElo "2340"]
[Result "1/2-1/2"]
[Round "1"]
1.f4 Ng8h6
2.Ng1f3 d5
3.e3 g6
4.d4 Bf8g7
5.Bf1d3 Bc8f5
6.O-O O-O
7.h3 Bf5xd3
8.Qd1xd3 Nh6f5
9.g4 Nf5d6
10.Nb1d2 Nb8d7
11.e4 dxe4
12.Nd2xe4 Nd6xe4
13.Qd3xe4 c6
14.c4 a5
15.Bc1e3 a4
16.Ra1d1 e6
17.Rf1f2 Qd8a5
18.Nf3e5 Ra8d8
19.Ne5xd7 Rd8xd7
20.f5 exf5
21.gxf5 Rd7d8
22.Be3d2 Qa5b6
23.Bd2c3 Rf8e8
24.Qe4f4 Qb6a6
25.fxg6 fxg6
26.Qf4f7 Kh8
27.d5 Bg7xc3
28.bxc3 Qa6xc4
29.Qf7f6 Kg8
30.Qf6f7 Kh8
31.Qf7f6 Kg8
32.Qf6f7 Kh8
33.Qf7f6 Kg8
{ draw }
1/2-1/2

[Event "1/128 Finale"]
[Site "www.chess-mail.com"]
[Date "2018.08.07"]
[Round "1"]
[White "Guidom"]
[Black "Mitja"]
[WhiteElo "2130"]
[BlackElo "2020"]
[Result "1-0"]
[Round "1"]
1.e4 d5
2.exd5 Qd8xd5
3.Nb1c3 Qd5d8
4.Ng1f3 e6
5.Bf1b5 c6
6.Bb5e2 h6
7.d3 Ng8f6
8.O-O Bf8c5
9.h3 Bc5b6
10.Bc1d2 O-O
11.Rf1e1 Rf8e8
12.Nc3e4 Nf6xe4
13.dxe4 e5
14.Bd2c3 Nb8d7
15.Be2c4 a6
16.Qd1d6 Bb6c7
17.Qd6g6 Qd8e7
18.Ra1d1 Kh8
19.Qg6xf7 Qe7xf7
20.Bc4xf7 Re8f8
21.Bf7e6 Nd7b6
22.Be6xc8 Ra8xc8
23.Bc3xe5 Bc7xe5
24.Nf3xe5 Kg8
25.Ne5g6 Rf8f6
26.Ng6e7 { resign }
1-0

[Event "Fast Game"]
[Site "www.echecsemail.com"]
[Date "2018.08.07"]
[Round "1"]
[White "Deneb"]
[Black "Hennie4820"]
[WhiteElo "1599"]
[BlackElo "1760"]
[Result "1-0"]
[Round "1"]
1.e4 c5
2.Ng1f3 e6
3.d4 cxd4
4.Nf3xd4 Ng8f6
5.Nb1c3 Qd8b6
6.e5 Bf8c5
7.Nd4b5 Bc5xf2
8.Ke2 Nf6g4
9.h3 Ng4xe5
10.Qd1d6 Bf2c5
{ time. }
1-0